000 00316nam a22001337a 4500
008 170815b xxu||||| |||| 00| 0 eng d
020 _a9780618202850
041 _aeng
080 _a51
100 _a36
101 _aMAT
245 _aBASIC COLLEGE MATHEMATICS: AN APPLIED APPROACH
_cAUFMANN,R.N
942 _2udc
_cBK
999 _c23596
_d23596